90 [i.e. Noventa] años de pastoral social en México /

Obra que reúne las acciones sociales desarrolladas por la Iglesia católica en México durante los primeros noventa años del siglo XX, al amparo de los principios doctrinales de su magisterio. Así, se exponen las acciones relacionadas con el mundo laboral y agrario, la cuestión educativa y de los valo...

সম্পূর্ণ বিবরণ

সংরক্ষণ করুন:
গ্রন্থ-পঞ্জীর বিবরন
সংস্থা লেখক: Iglesia Católica. Conferencia del Episcopado Mexicano. Comisión Episcopal de Pastoral Social
বিন্যাস: গ্রন্থ
ভাষা:স্প্যানিশ
বিষয়গুলি:
ট্যাগগুলো: ট্যাগ যুক্ত করুন
কোনো ট্যাগ নেই, প্রথমজন হিসাবে ট্যাগ করুন!

MARC

LEADER 00000nam^a2200000^a^4500
001 000274453
005 20250521000000.0
009 20260310111202.935
025 |a Donación Jesús Vergara Aceves, 1 ejemplar 
037 |a Acervo Xavier Clavigero 
041 |a ESP 
082 |a 282. 7206  |b IGL 
110 |a Iglesia Católica.  |b Conferencia del Episcopado Mexicano. Comisión Episcopal de Pastoral Social. 
245 1 0 |a 90 [i.e. Noventa] años de pastoral social en México /  |c CEM, Comisión Episcopal de Pastoral Social. 
264 |a México :  |b Centro de Estudios y Promoción Social :  |b Cáritas Mexicana,  |c 1988 
300 |a 306 p. 
336 |a texto  |b txt  |2 rdacontenido 
337 |a sin mediación  |b n  |2 rdamedio 
338 |a volumen  |b nc  |2 rdasoporte 
520 |a Obra que reúne las acciones sociales desarrolladas por la Iglesia católica en México durante los primeros noventa años del siglo XX, al amparo de los principios doctrinales de su magisterio. Así, se exponen las acciones relacionadas con el mundo laboral y agrario, la cuestión educativa y de los valores cristianos. 
649 |a XX 
650 |a Intervención Social -  |z México 
650 |a Teología Pastoral -  |z México 
650 |a Teología Social -  |z México 
650 |a Iglesia Católica en México -  |x Historia -  |y Siglo XX -  |x Tema Principal 
650 |a Iglesia y Problemas Sociales -  |z México -  |x Historia 
650 |a Catolicismo -  |z México -  |x Historia 
650 |a Cristianismo -  |z México -  |x Historia 
650 |a Religión 
910 |a Fondo Jesús Vergara Aceves S.J. 
920 |a Impresos - Libros 
930 |a Fondos Especiales 
905 |a 119 
901 |a 0500160022  |b IT2  |c ESP  |i D  |u 20250521 
902 |a https://opac.biblio.iteso.mx/vufind/Record/000274453